000 00559nam a22001817a 4500
003 CEME
005 20210628203537.0
008 210119b xxu||||| |||| 00| 0 eng d
020 _a0-7506-5294-2
040 _c.
082 _a658.802 COP
100 _aCopley, Paul
_966152
245 _aMarketing communications management, concepts and theories cases and practices
260 _aINDIA
_bELSEVIER
_c2007
300 _aXV,441P
650 _aMARKETING COMMUNICATIONS MANAGEMENT.COMMUNICATIONS MANAGEMENT CONCEPTS AND THEORIES .
_966153
942 _cBK
_2ddc
999 _c574166
_d574166